[Event "SCT GM"]
[Site "Stockholm SWE"]
[Date "2009.06.22"]
[Round "6"]
[White "Blomqvist,E"]
[Black "Lindberg,Be"]
[Result "1/2-1/2"]
[WhiteElo "2436"]
[BlackElo "2402"]

1.d4 Nf6 2.c4 e6 3.g3 d5 4.Nf3 Be7 5.Bg2 O-O 6.O-O dxc4 7.Qc2 a6 8.Qxc4 b5
9.Qc2 Bb7 10.Bd2 Be4 11.Qc1 h6 12.a3 c6 13.Rd1 Nbd7 14.Nc3 Bh7 15.b4 Rc8
16.Qb2 Qb6 17.Rac1 Rfd8 18.h3 Qb8 19.Qb3 Bd6 20.Be1 Re8 21.Nd2 e5 22.dxe5 Bxe5
23.Nf3 Bxc3 24.Bxc3 c5 25.bxc5 Nxc5 26.Qa2 Nfe4 27.Ba1 Re7 28.Qb2 f6 29.Nd4 Kh8
30.Qb4 Rec7 31.Qe1 Na4 32.Rxc7 Qxc7 33.Qb4 Qd7 34.e3 Nec3 35.Rc1 Rc4 36.Qf8+ Bg8
37.Rc2 Nd5 38.Kh2  1/2-1/2

[Event "4th Polonia Wroclaw Open A"]
[Site "Warsaw POL"]
[Date "2009.06.22"]
[Round "3"]
[White "Grabarczyk,M"]
[Black "Godard,M"]
[Result "1-0"]
[WhiteElo "2469"]
[BlackElo "2336"]

1.d4 Nf6 2.c4 e6 3.g3 d5 4.Bg2 Be7 5.Nf3 O-O 6.O-O dxc4 7.Qc2 a6 8.a4 Bd7
9.Qxc4 Bc6 10.Bg5 Nbd7 11.Nc3 h6 12.Bxf6 Nxf6 13.Qd3 Bb4 14.Rfe1 Qe7 15.e4 Rfd8
16.Qc2 a5 17.Rad1 Rac8 18.Ne5 Be8 19.Nc4 c6 20.Rf1 b5 21.Ne3 c5 22.d5 exd5
23.exd5 c4 24.Nf5 Qc5 25.d6 Rb8 26.axb5 Bxc3 27.Ne7+ Kf8 28.Qxc3 Rxd6 29.Rxd6 Qxd6
30.Nc6 Rxb5 31.Nxa5 Qb4 32.Ra1 Qxc3 33.bxc3 Rc5 34.Nb7 Rc7 35.Nd6 Bd7 36.Bf1 Be6
37.Nb5 Rc8 38.f3 Nd5 39.Ra3 Nb6 40.Nd4 Bd5 41.Ra6 Rb8 42.Kf2 g6 43.h4 Ke7
44.Ke3 Kd6 45.Bh3 Re8+ 46.Kd2 Kc7 47.Bg4 Ra8 48.Rxa8 Bxa8 49.f4 Kd6 50.h5 Be4
51.Be2 gxh5 52.Bxh5 f6 53.Bf7 Bd3 54.Be6 Be4 55.Bf5 Kd5 56.Be6+ Kd6 57.Bf7 Bd3
58.Bg8 Bg6 59.Be6 Be4 60.Ke3 Bg6 61.Bf5 Nd5+ 62.Kd2 Bf7 63.Be4 Ne7 64.Ke3 Nd5+
65.Bxd5 Kxd5 66.Nf5 h5 67.Nd4 Be8 68.Kf3 Bd7 69.Nc2 Bg4+ 70.Ke3 Bf5 71.Nd4 Bd7
72.Nc2 Bf5 73.Nb4+ Kc5 74.Kd2 Bg6 75.Na2 Bd3 76.Nc1 Bf1 77.Ke3 Kd5 78.Na2 Bg2
79.Nb4+ Kc5 80.f5 Bd5 81.Nc2 Bf7  1-0

[Event "5th Open"]
[Site "Sort ESP"]
[Date "2009.06.25"]
[Round "2"]
[White "Teske,H"]
[Black "Kulkarni,R"]
[Result "1-0"]
[WhiteElo "2523"]
[BlackElo "2166"]

1.d4 Nf6 2.c4 e6 3.g3 Be7 4.Bg2 d5 5.Nf3 O-O 6.O-O dxc4 7.Nc3 c5 8.dxc5 Bxc5
9.Qa4 Qe7 10.Qxc4 h6 11.Bf4 Nbd7 12.Ne5 g5 13.Nxd7 Nxd7 14.Bd2 Nb6 15.Qb3 e5
16.Ne4 Be6 17.Qb5 Rac8 18.b3 Rfd8 19.Rad1 Nd5 20.Nxc5 Rxc5 21.Qa4 a6 22.Qa3 Qc7
23.Rc1 Rc8 24.Be4 f5 25.Bd3 e4 26.Bc4 Kf7 27.Qb2 Qd6 28.Rfd1 b5 29.Bb4 bxc4
30.Bxc5 Qxc5 31.Rxc4 Qf8 32.Qe5 Rxc4 33.bxc4 Nf6 34.Rd6 Qe7 35.Rxa6 Bxc4
36.Rxf6+ Qxf6 37.Qc7+ Kg6 38.Qxc4 Qe5 39.Qg8+ Kf6 40.Qh8+ Ke6 41.Qxh6+ Kf7
42.Qxg5 Qd5 43.h4 Qd1+ 44.Kg2 Ke6 45.Qe3 Qa1 46.Qd2 Kf6 47.Qg5+ Ke6 48.Qg6+ Ke7
49.Qxf5 Qxa2 50.Qxe4+  1-0

[Event "4th Polonia Wroclaw Open A"]
[Site "Warsaw POL"]
[Date "2009.06.25"]
[Round "8"]
[White "Postny,E"]
[Black "Fridman,D2"]
[Result "1-0"]
[WhiteElo "2648"]
[BlackElo "2646"]

1.d4 d5 2.c4 e6 3.Nf3 Be7 4.g3 Nf6 5.Bg2 O-O 6.O-O dxc4 7.Qc2 a6 8.a4 Bd7
9.Rd1 Bc6 10.Nc3 Bxf3 11.Bxf3 Nc6 12.Bxc6 bxc6 13.a5 Qb8 14.Ra4 Qb3 15.Qxb3 cxb3
16.Rc4 Rfb8 17.Bf4 Nd5 18.Rxc6 Nxc3 19.Rxc3 Bd6 20.Bxd6 cxd6 21.d5 exd5 22.Rxd5 Kf8
23.Rxd6 Rb5 24.e3 Rxa5 25.Rxb3 Ra7 26.Rbb6 h5 27.Rd8+ Ke7 28.Rg8 g5 29.Kg2 Rd7
30.Ra8 Rf5 31.e4 Re5 32.Raxa6 g4 33.Ra4 Rc5 34.h3 gxh3+ 35.Kxh3 Kf8 36.Rab4 Rd2
37.Rf6 Kg7 38.Rf4 f5 39.exf5 Rcc2 40.f6+ Kg6 41.f7 Rxf2 42.f8=N+  1-0

[Event "XVII Open"]
[Site "Montcada i Reixac ESP"]
[Date "2009.06.27"]
[Round "2"]
[White "Sundararajan,K"]
[Black "Luna Cortes,L"]
[Result "1-0"]
[WhiteElo "2487"]
[BlackElo "2219"]

1.Nf3 d5 2.c4 e6 3.d4 Nf6 4.g3 Be7 5.Bg2 c6 6.O-O O-O 7.Qc2 Nbd7 8.b3 b6
9.Rd1 Ne4 10.Nfd2 Nxd2 11.Nxd2 Bb7 12.e4 Rc8 13.Bb2 Re8 14.Rac1 Bf8 15.Qb1 Qg5
16.Nf3 Qe7 17.Re1 Qd8 18.Rcd1 Bb4 19.Re3 Nf6 20.Ne5 Qe7 21.Nd3 Ng4 22.Re2 dxc4
23.bxc4 Ba5 24.h3 Nf6 25.Nf4 Ba6 26.Qc2 Qb4 27.Rc1 Nd7 28.e5 Nf8 29.Qb3 Qe7
30.Rec2 Bb7 31.Ba3 Qd8 32.Bd6 Ng6 33.Nxg6 hxg6 34.h4 Qd7 35.c5 b5 36.Be4 Bd8
37.Qf3 a5 38.Kg2 Be7 39.h5 g5 40.h6 g6 41.Rh1 Rf8 42.h7+ Kg7 43.Rcc1 Kh8
44.Rh6 Kg7 45.Rch1 Kh8 46.Kg1 Qd8 47.Kg2 Qd7 48.Qd3 f5 49.exf6 Bxd6 50.Rxg6 Qf7
51.Qf3 Bc7 52.Qh5  1-0

[Event "Open"]
[Site "Pula CRO"]
[Date "2009.06.30"]
[Round "5"]
[White "Nester,I"]
[Black "Marceta,M"]
[Result "1-0"]
[WhiteElo "2390"]
[BlackElo "2142"]

1.Nf3 d5 2.d4 Nf6 3.c4 e6 4.g3 Be7 5.Bg2 O-O 6.O-O c6 7.Nc3 Nbd7 8.b3 b6
9.Nd2 Bb7 10.e4 Rc8 11.e5 Ne8 12.f4 g6 13.cxd5 cxd5 14.Bb2 Ng7 15.Re1 Nf5
16.Nf3 a6 17.g4 Bb4 18.gxf5 Bxc3 19.Bxc3 Rxc3 20.f6 Nxf6 21.exf6 Qxf6 22.Qd2 Rc7
23.Rac1 Rfc8 24.Rxc7 Rxc7 25.Rc1 Qd8 26.Ne5 Qc8 27.Rxc7 Qxc7 28.Ng4 f5 29.Ne5 b5
30.Bf1 Kg7 31.Qb4 h6 32.Qd2 Bc8 33.Qg2 g5 34.fxg5 h5 35.Qd2  1-0

[Event "Petr Izmailov Mem"]
[Site "Tomsk RUS"]
[Date "2009.07.01"]
[Round "8"]
[White "Mukashev,A"]
[Black "Dmitrienko,And"]
[Result "0-1"]
[WhiteElo "2078"]
[BlackElo "2260"]

1.d4 d5 2.c4 e6 3.Nf3 Nf6 4.g3 Be7 5.Bg2 O-O 6.O-O c6 7.b3 a5 8.Nc3 Nbd7
9.Bb2 b6 10.Ne5 Nxe5 11.dxe5 Nd7 12.cxd5 cxd5 13.f4 Ba6 14.Re1 Rc8 15.Kh1 Nc5
16.Qd4 f5 17.Bf1 b5 18.e3 b4 19.Bxa6 bxc3 20.Bxc8 cxb2 21.Bxe6+ Nxe6 22.Qxb2 Qa8
23.Qg2 Nc5 24.Red1 Ne4 25.Rd3 d4 26.Rxd4 Bc5 27.Rc4 Bxe3 28.Qf3 Bb6 29.Kg2 Rd8
30.Rc2 h6 31.h4 Rd4 32.g4 Qd5 33.gxf5 Rd3 34.Rd1 Rxd1 35.e6 Rd2+ 36.Rxd2 Qxd2+
37.Kh3 Nf6  0-1

[Event "II Magistral"]
[Site "Asuncion PAR"]
[Date "2009.07.05"]
[Round "7"]
[White "Coelho,L"]
[Black "Soppe,G"]
[Result "1/2-1/2"]
[WhiteElo "2389"]
[BlackElo "2427"]

1.d4 d5 2.c4 e6 3.Nf3 Nf6 4.g3 Be7 5.Bg2 O-O 6.O-O dxc4 7.Qc2 a6 8.Qxc4 b5
9.Qc2 Bb7 10.Bd2 Bd6 11.Rd1 Be4 12.Qc1 Bb7 13.Bf4 Nbd7 14.Nbd2 Nd5 15.Nb3 Nxf4
16.gxf4 Qe7 17.Qe3 Nf6 18.Na5 Bd5 19.Rac1 Ng4 20.Qd3 Bxf4 21.h3 Bxc1 22.hxg4 Bxb2
23.e4 Bc4 24.Nxc4 bxc4 25.Qxc4 Rfd8 26.Ne5 Qg5 27.Nc6 Re8 28.e5 Ba3 29.Qe2 Bf8
30.d5 exd5 31.Bxd5 Re6 32.Bxe6 fxe6 33.Qf3 Re8 34.Rd7 Qg6 35.Kh2  1/2-1/2

[Event "XXIX Open"]
[Site "Benasque ESP"]
[Date "2009.07.05"]
[Round "3"]
[White "Burmakin,V"]
[Black "Tatar Kis,S"]
[Result "1-0"]
[WhiteElo "2627"]
[BlackElo "2382"]

1.d4 Nf6 2.Nf3 e6 3.g3 d5 4.Bg2 Be7 5.c4 O-O 6.O-O dxc4 7.Qc2 a6 8.a4 Bd7
9.Qxc4 Bc6 10.Nc3 b5 11.Qd3 b4 12.Nb1 Be4 13.Qd1 c5 14.Nbd2 Bd5 15.dxc5 Nbd7
16.c6 Bxc6 17.Nb3 Nc5 18.Nxc5 Bxc5 19.Bf4 Rc8 20.Qxd8 Rfxd8 21.Rfc1 Bd5 22.Ne5 Bd4
23.Nd3 Bxg2 24.Kxg2 Nd5 25.a5 Kf8 26.Bd2 b3 27.Ra4 Rxc1 28.Bxc1 Bf6 29.Rc4 Rd6
30.Nc5 Ne7 31.Nxb3 Rc6 32.Nc5 Ke8 33.b3 Nf5 34.b4 Nd4 35.Bb2 Nb3 36.Bxf6 gxf6
37.g4 e5 38.Rc3 Nxc5 39.bxc5 Kd7 40.Kf3 Rc7 41.Ke4 Kc6 42.Rb3  1-0

[Event "XXXII Open"]
[Site "Barbera ESP"]
[Date "2009.07.07"]
[Round "4"]
[White "Deshpande,Ani"]
[Black "Castro Exposito,C"]
[Result "1-0"]
[WhiteElo "2211"]
[BlackElo "2027"]

1.d4 d5 2.c4 e6 3.Nf3 Nf6 4.g3 Be7 5.Bg2 O-O 6.O-O Nbd7 7.Nc3 b6 8.cxd5 Nxd5
9.e4 Nxc3 10.bxc3 Bb7 11.Qe2 c5 12.Rd1 cxd4 13.cxd4 Rc8 14.Bb2 Qc7 15.d5 exd5
16.exd5 Bf6 17.Nd4 Qc4 18.Qxc4 Rxc4 19.Rab1 h6 20.Nb5 Rc2 21.Bxf6 Nxf6 22.Nxa7 Rxa2
23.Nc6 Nd7 24.Bh3 Nf6 25.Rxb6 Ne4 26.Bg2 Nxf2 27.Ne7+  1-0

[Event "ch-SUI"]
[Site "Graechen SUI"]
[Date "2009.07.13"]
[Round "5"]
[White "Benkovic,P"]
[Black "Huss,A"]
[Result "1-0"]
[WhiteElo "2456"]
[BlackElo "2330"]

1.Nf3 Nf6 2.c4 e6 3.g3 d5 4.d4 Be7 5.Bg2 O-O 6.O-O Nbd7 7.Qc2 c6 8.b3 b6
9.Rd1 Ba6 10.Nbd2 Rc8 11.e4 Bb7 12.Bb2 Qc7 13.e5 Ne8 14.Rac1 Qb8 15.b4 Bxb4
16.cxd5 cxd5 17.Qa4 Bxd2 18.Nxd2 Rd8 19.Ba3 f5 20.Bxf8 Nxf8 21.Rc3 Rd7 22.Rdc1 Rf7
23.Bf1 Nc7 24.Nf3 h6 25.Qa3 Rd7 26.R1c2 Kf7 27.Qc1 Na8 28.Bb5 Rd8 29.Qa3 Ng6
30.h4 Ne7 31.h5 Rf8 32.Qd6 Rd8 33.Bd7 Qxd6 34.exd6 Ng8 35.Ne5+ Kf6 36.Bc8  1-0

[Event "Euskal Xake Eskola"]
[Site "Donostia ESP"]
[Date "2009.07.15"]
[Round "8"]
[White "Franco Alonso,A"]
[Black "Hoffman,A"]
[Result "1/2-1/2"]
[WhiteElo "2480"]
[BlackElo "2417"]

1.d4 d5 2.c4 e6 3.Nf3 Nf6 4.g3 Be7 5.Bg2 O-O 6.O-O c6 7.Qc2 b6 8.Rd1 Nbd7
9.Bf4 Bb7 10.Nc3 dxc4 11.Nd2 Nd5 12.Nxc4 Nxf4 13.gxf4 Nf6 14.e3 Rc8 15.a3 Nd5
16.b4 f5 17.Rac1 Qe8 18.Ne5 Bd6 19.Qa4 Bxe5 20.dxe5 a6 21.Nxd5 cxd5 22.Qxe8 Rfxe8
23.Bf1 Kf7 24.Be2 Rg8 25.Kf1 Rxc1 26.Rxc1 Rc8 27.Rxc8 Bxc8 28.Ke1 Ke7 29.Kd2 Kd7
30.Kc3 Kc7 31.Kd4 g6 32.f3 Bb7 33.a4 Bc6 34.a5 Kb7 35.Bd3 Bb5 36.Bxb5 axb5
37.axb6 Kxb6 38.h4 Kc6 39.Kd3  1/2-1/2

[Event "ch-SCO"]
[Site "Edinburgh SCO"]
[Date "2009.07.16"]
[Round "6"]
[White "Morrison,G SCO"]
[Black "McGowan,D"]
[Result "1-0"]
[WhiteElo "2366"]
[BlackElo "2098"]

1.d4 e6 2.c4 d5 3.Nf3 Nf6 4.g3 Be7 5.Bg2 O-O 6.O-O b6 7.Ne5 Bb7 8.Nc3 Nbd7
9.Qa4 Nxe5 10.dxe5 Ne4 11.Nxe4 dxe4 12.Rd1 Qe8 13.Qc2 Qc6 14.Rd4 Qc5 15.Rd7 Rfd8
16.Be3 Qxe5 17.Bf4 Qf6 18.Rxc7 e5 19.Be3 Bc6 20.Bxe4 Bxe4 21.Qxe4 Qd6 22.Qb7 Rdb8
23.Qc6 Qb4 24.Rd1 Bf6 25.b3 Rd8 26.Rcd7 Rdc8 27.Qd5  1-0

[Event "Canadian Open"]
[Site "Edmonton CAN"]
[Date "2009.07.16"]
[Round "6"]
[White "Bradford,J"]
[Black "Kagramanov,Di"]
[Result "1-0"]
[WhiteElo "2409"]
[BlackElo "2093"]

1.Nf3 d5 2.d4 Nf6 3.c4 e6 4.g3 Be7 5.Bg2 O-O 6.O-O dxc4 7.Qc2 a6 8.Bg5 Nbd7
9.Nbd2 c5 10.Nxc4 h6 11.Bd2 b5 12.Nfe5 Nd5 13.Nc6 Qe8 14.e4 bxc4 15.exd5 Nb6
16.Nxe7+ Qxe7 17.d6 Qxd6 18.dxc5 Qxc5 19.Be3 Qe5 20.Bxb6 Rb8 21.Rae1 Qf6
22.Bc5 Rd8 23.Qxc4 Bd7 24.Bd4 Qg6 25.a4 Rdc8 26.Qxa6 Qc2 27.Ra1 Rc4 28.Bc3 Bxa4
29.Qxc4  1-0

[Event "Richard Riordan GM Blitz"]
[Site "Natanya ISR"]
[Date "2009.07.16"]
[Round "2"]
[White "Avrukh,B"]
[Black "Beliavsky,A"]
[Result "1-0"]
[WhiteElo "2641"]
[BlackElo "2662"]

1.d4 Nf6 2.c4 e6 3.g3 d5 4.Bg2 Be7 5.Nf3 O-O 6.O-O c6 7.Nbd2 b6 8.Qc2 Bb7
9.e4 Nbd7 10.cxd5 cxd5 11.e5 Ne8 12.Re1 Nc7 13.Nf1 Na6 14.a3 Rc8 15.Qa4 Qc7
16.h4 Qc6 17.Qb3 Qc2 18.Qe3 Nab8 19.Qf4 Ba6 20.h5 h6 21.Qg4 Kh8 22.Ne3 Qh7
23.Bf1 Bxf1 24.Rxf1 Nc6 25.Bd2 Ndb8 26.Rac1 Rc7 27.Bc3 Rfc8 28.Rce1 Na5 29.Qf4 Kg8
30.Ng4 Nc4 31.a4 Nd7 32.Kg2 Nf8 33.Nfh2 a6 34.Nf6+ gxf6 35.exf6 Bd6 36.Qg4+ Kh8
37.Nf3 Qf5 38.Qg7+  1-0

[Event "Richard Riordan GM Blitz"]
[Site "Natanya ISR"]
[Date "2009.07.16"]
[Round "11"]
[White "Fridman,D2"]
[Black "Beliavsky,A"]
[Result "1/2-1/2"]
[WhiteElo "2665"]
[BlackElo "2662"]

1.d4 Nf6 2.c4 e6 3.Nf3 d5 4.g3 Be7 5.Bg2 O-O 6.Qc2 c6 7.O-O b6 8.Rd1 Nbd7
9.b3 Bb7 10.Nc3 Rc8 11.e4 dxe4 12.Nxe4 c5 13.Nxf6+ Bxf6 14.Ng5 Bxg5 15.Bxb7 Rc7
16.Bg2 cxd4 17.Bxg5 Qxg5 18.Rxd4 b5 19.Qd1 Nb6 20.h4 Qc5 21.cxb5 Qxb5 22.a4 Qa5
23.Qd2 Qxd2 24.Rxd2 Nd7 25.b4 Rb8 26.b5 Kf8 27.f4 Ke7 28.Bc6  1/2-1/2

[Event "ch-PUR"]
[Site "Caguas PUR"]
[Date "2009.07.18"]
[Round "5"]
[White "Davila,Ju"]
[Black "Sotelo Kohama,D"]
[Result "1/2-1/2"]
[WhiteElo "2176"]
[BlackElo "2173"]

1.d4 Nf6 2.Nf3 d5 3.c4 e6 4.g3 Be7 5.Bg2 O-O 6.O-O c5 7.cxd5 exd5 8.Nc3 Nc6
9.Bg5 Be6 10.dxc5 Bxc5 11.Bxf6 Qxf6 12.Nxd5 Qxb2 13.Nc7 Rad8 14.Qc1 Qxc1
15.Raxc1 Bb6 16.Nxe6 fxe6 17.e3 h6 18.Rfd1 g5 19.Ne1 Ne5 20.Bxb7 Rb8 21.Be4 Ng4
22.Nd3 Rbd8 23.Rc6 Rxd3 24.Rxd3 Nxf2 25.Rxe6 Nxd3 26.Bxd3 Rd8 27.Bc4 Kg7
28.h3 Rd2 29.a4 Rc2 30.Bb5 Kf7 31.Rxh6 Bxe3+ 32.Kh1 Bb6 33.h4 g4 34.Rc6 Rd2
35.Rc4 Bd4 36.h5 Kf6 37.Rc6+ Kg5 38.h6 Rd1+ 39.Kg2 Rd2+ 40.Kh1 Rd1+ 41.Kg2 Rd2+
42.Kh1 Rd1+ 43.Kg2  1/2-1/2

[Event "TCh Eur-Youth U18"]
[Site "Pardubice CZE"]
[Date "2009.07.18"]
[Round "3"]
[White "Balog,I1"]
[Black "Pranizin,G"]
[Result "1-0"]
[WhiteElo "2453"]
[BlackElo "2152"]

1.Nf3 d5 2.d4 Nf6 3.c4 e6 4.g3 Be7 5.Bg2 O-O 6.Qc2 Nc6 7.O-O Nb4 8.Qb3 dxc4
9.Qxc4 b5 10.Qb3 a5 11.Nc3 Rb8 12.a3 Nc6 13.Qd1 b4 14.Na4 Ba6 15.Bg5 Bb5
16.axb4 axb4 17.Re1 h6 18.Bxf6 Bxf6 19.e3 e5 20.d5 e4 21.Nd2 Ne5 22.Bxe4 Nd7
23.Qc2 Re8 24.Bg2 Qe7 25.Ne4 Bxa4 26.Rxa4 Nb6 27.Nxf6+ Qxf6 28.Rxb4 Nxd5
29.Rxb8 Rxb8 30.Rb1 Ne7 31.Qxc7 Rc8 32.Qf4 Qe6 33.b4 Qa2 34.Rd1 Qb3 35.Bf3 Ng6
36.Qf5 Re8 37.Rb1 Qc3 38.Qd7 Rb8 39.Qd4 Qc7 40.b5 Ne5 41.Be4 f5 42.Qd5+ Kh8
43.Bxf5 Qd8  1-0

[Event "61st ch-MNE"]
[Site "Cetinje MNE"]
[Date "2009.07.19"]
[Round "9"]
[White "Blagojevic,Dr"]
[Black "Mijovic,S"]
[Result "1-0"]
[WhiteElo "2545"]
[BlackElo "2325"]

1.d4 d5 2.c4 e6 3.Nf3 Nf6 4.g3 Be7 5.Bg2 O-O 6.O-O Nbd7 7.Qc2 c6 8.b3 b6
9.Rd1 Ba6 10.Nbd2 Rc8 11.e4 c5 12.exd5 exd5 13.Nf1 cxd4 14.Nxd4 b5 15.Ne3 bxc4
16.Nxd5 Nxd5 17.Bxd5 cxb3 18.Qxb3 Nc5 19.Qf3 Bf6 20.Be3 Nd3 21.Rab1 Ne5 22.Qg2 Rc7
23.Ne6 fxe6 24.Bxe6+ Kh8 25.Rxd8 Rxd8 26.Bf4 Bb7 27.Qxb7 Rxb7 28.Rxb7 Nc6
29.Bd7 Nd4 30.Kg2 a6 31.Bd2 Nc6 32.Be3 Nd4 33.Ba4 h6 34.Rb6 a5 35.Bxh6 gxh6
36.Rxf6 Kg7 37.Rb6 Rd5 38.h4 h5 39.Bb3 Re5 40.Bd1 Rd5 41.Bf3 Re5 42.Rd6 Nc2
43.Bd1 Nb4 44.Rd2 Nd5 45.Bf3 Nf6 46.Rd6 Rc5 47.Ra6 Re5 48.a4 Rc5 49.Rc6  1-0

[Event "2nd Open"]
[Site "Paleohora GRE"]
[Date "2009.07.21"]
[Round "1"]
[White "Glek,I"]
[Black "Karlis,N"]
[Result "1-0"]
[WhiteElo "2528"]
[BlackElo "1762"]

1.c4 e6 2.Nf3 d5 3.d4 Nf6 4.g3 Be7 5.Bg2 O-O 6.O-O Nbd7 7.Qc2 c5 8.dxc5 Bxc5
9.cxd5 Nxd5 10.Ng5 N5f6 11.Nc3 h6 12.Nge4 Nxe4 13.Nxe4 Qc7 14.Nxc5 Qxc5 15.Qxc5 Nxc5
16.b3 e5 17.Ba3 Ne6 18.Bxf8 Kxf8 19.Rfd1 Nd4 20.e3 Nc6 21.Bxc6 bxc6 22.Rd8+ Ke7
23.Rad1 f6 24.Rg8  1-0

[Event "4th Summer Cup"]
[Site "Porto Carras GRE"]
[Date "2009.07.22"]
[Round "6"]
[White "Antoniadis,K"]
[Black "Spiropoulos,P"]
[Result "0-1"]
[WhiteElo "1824"]
[BlackElo "2114"]

1.d4 d5 2.Nf3 e6 3.c4 Be7 4.g3 Nf6 5.Bg2 O-O 6.O-O dxc4 7.Qa4 Bd7 8.Qxc4 Bc6
9.Nc3 Nbd7 10.Bf4 Nb6 11.Qd3 Nbd5 12.Rad1 Nxf4 13.gxf4 Nd5 14.Nxd5 Qxd5 15.b3 Bd6
16.Qd2 Qh5 17.Ne5 Bxg2 18.Kxg2 f6 19.Nd3 Qd5+ 20.f3 Qxd4 21.e3 Qd5 22.Qc3 Qh5
23.Qc4 Rae8 24.e4 Bxf4 25.Nxf4 Qg5+ 26.Kh1 Qxf4 27.Rd7 Rf7 28.Rd3 f5 29.Rd4 Qe3
30.Rd3 Qe2 31.Rd8 Qxf1+ 32.Qxf1 Rxd8 33.e5 Rfd7 34.Qc4 Kf7 35.Kg2 Rd2+ 36.Kg3 c6
37.a4 g5 38.Qc5 h5 39.Qxa7 h4+ 40.Kh3 R8d7 41.Qg1 R7d3 42.Qf1 Kg6  0-1

[Event "Najdorf Mem Open"]
[Site "Warsaw POL"]
[Date "2009.07.22"]
[Round "5"]
[White "Urban,K"]
[Black "Malec,S"]
[Result "1/2-1/2"]
[WhiteElo "2456"]
[BlackElo "2041"]

1.d4 Nf6 2.g3 e6 3.Bg2 d5 4.Nf3 Be7 5.c4 dxc4 6.Qa4+ Bd7 7.Qxc4 Bc6 8.Nc3 O-O
9.O-O a6 10.Qd3 b5 11.a3 Nbd7 12.Rd1 Qb8 13.e4 Rd8 14.e5 Nd5 15.Ng5 Nf8 16.Be4 Ng6
17.Qf3 Bxg5 18.Bxg5 Rd7 19.Rac1 Qb6 20.Nb1 f5 21.exf6 gxf6 22.Qe2 Bb7 23.Bh6 f5
24.Bf3 Re8 25.Nc3 Nf6 26.Bg5 Bxf3 27.Qxf3 Nd5 28.Nxd5 Rxd5 29.Qc3 Rc8 30.Bh6 c6
31.Qe3 Kf7 32.Re1 Re8 33.Rc5 Rxc5 34.dxc5 Qd8 35.Qc3 e5 36.Qc2 Qf6 37.Rd1 Re6
38.Rd7+ Ne7 39.Bd2 Kg6 40.Ra7 Nd5 41.Rxa6 e4 42.Bc3 Qf7 43.Ra8 f4 44.Rd8 f3
45.Rd6 Qf5 46.Kf1 Kf7 47.Bd4 Qh3+ 48.Ke1 e3 49.Rxe6 exf2+ 50.Qxf2 Qxe6+ 51.Kd2 Qe4
52.Bc3 Ke6 53.h3 Nxc3 54.Kxc3 Kd5 55.b3 h5 56.Kd2 Qf5 57.Ke3 Qe4+ 58.Kd2 Qf5
59.Ke3 Qe4+  1/2-1/2

[Event "Synthesia Rapid Open"]
[Site "Pardubice CZE"]
[Date "2009.07.23"]
[Round "9"]
[White "Schlosser,P"]
[Black "Golichenko,I"]
[Result "1-0"]
[WhiteElo "2560"]
[BlackElo "2420"]

1.d4 Nf6 2.c4 e6 3.g3 d5 4.Bg2 Be7 5.Nf3 O-O 6.O-O dxc4 7.Qc2 a6 8.Qxc4 b5
9.Qc2 Bb7 10.Bd2 Be4 11.Qc1 Qc8 12.Be3 Nbd7 13.Nbd2 Bd5 14.Nb3 Qb7 15.Qc2 Rac8
16.Rfc1 Rfd8 17.Na5 Qa8 18.Nc6 Bxc6 19.Qxc6 Qxc6 20.Rxc6 Nb8 21.Rc2 Nd5 22.Bd2 c5
23.dxc5 Rxc5 24.Rxc5 Bxc5 25.Rc1 Bb6 26.Ne5 Bd4 27.Nd3 Bb6 28.Kf1 Kf8 29.b3 f6
30.a4 Kf7 31.Ke1 bxa4 32.bxa4 a5 33.Rb1 Bc7 34.Rb7 Rd7 35.Kd1 Nc6 36.Bxd5 exd5
37.Bf4  1-0

[Event "ch-Africa"]
[Site "Tripoli LBA"]
[Date "2009.07.23"]
[Round "3"]
[White "Solomon,K"]
[Black "Rizouk,A"]
[Result "1-0"]
[WhiteElo "2351"]
[BlackElo "2506"]

1.d4 Nf6 2.c4 e6 3.g3 d5 4.Nf3 Be7 5.Bg2 O-O 6.O-O dxc4 7.Qc2 a6 8.Qxc4 b5
9.Qc2 Bb7 10.Bd2 Ra7 11.a3 Nbd7 12.Ba5 Qa8 13.Qxc7 Rc8 14.Qf4 Rc2 15.Nbd2 Rxb2
16.Rfc1 Nd5 17.Qe4 b4 18.Qd3 bxa3 19.Nc4 Bc6 20.e4 N5f6 21.Nfd2 Rb5 22.f3 Qf8
23.Bf1 Rab7 24.Bc3 Rb8 25.Na5 Ba8 26.Ndc4 Nb6 27.Ne5 Na4 28.Be1 Nb2 29.Qc2 R5b6
30.Nec6 Re8 31.Nxe7+ Qxe7 32.Qc5 Qd8 33.Rxa3 Rb8 34.Bf2 Bxe4 35.fxe4 Nxe4
36.Qe5 Nxf2 37.Nc6 Nfd3 38.Bxd3  1-0

[Event "Najdorf Mem Open"]
[Site "Warsaw POL"]
[Date "2009.07.23"]
[Round "6"]
[White "Adamski,J"]
[Black "Kazmierczak,S"]
[Result "1-0"]
[WhiteElo "2276"]
[BlackElo "2083"]

1.Nf3 Nf6 2.c4 e6 3.g3 d5 4.Bg2 Be7 5.d4 O-O 6.Qc2 Ne4 7.O-O Nd7 8.Nc3 Nxc3
9.Qxc3 c6 10.Bf4 Nf6 11.Ne5 Nh5 12.Be3 f6 13.Nd3 f5 14.Qc2 Bd6 15.Bd2 Bd7
16.Bb4 Bxb4 17.Nxb4 Nf6 18.Nd3 Qe7 19.Ne5 Ng4 20.Nxg4 fxg4 21.e4 Qb4 22.b3 Rad8
23.exd5 cxd5 24.a3 Qd6 25.c5 Qe7 26.Qe2 Qg5 27.Qe3 Qh5 28.f4 gxf3 29.Bxf3 Qg6
30.Be2 h5 31.h4 Rxf1+ 32.Rxf1 Rf8 33.Rxf8+ Kxf8 34.Bd3 Qf6 35.Kg2 Kg8 36.Qg5 Be8
37.Qf4 Kf8 38.Kf3 Ke7 39.Ke3 Qxf4+ 40.Kxf4 Kf6 41.Be2 a5 42.b4 axb4 43.axb4 g6
44.b5 Bd7 45.Bd3 Be8 46.c6 b6 47.Bc2 e5+ 48.dxe5+ Ke6 49.Bd3 Bf7 50.Bf1 d4
51.Bc4+ Ke7 52.Bxf7  1-0

[Event "2nd Open"]
[Site "Paleohora GRE"]
[Date "2009.07.24"]
[Round "5"]
[White "Harika,D"]
[Black "Shrestha,B"]
[Result "1-0"]
[WhiteElo "2445"]
[BlackElo "2106"]

1.Nf3 d5 2.d4 Nf6 3.c4 e6 4.g3 Be7 5.Bg2 Nbd7 6.O-O O-O 7.Qc2 c6 8.Nbd2 Re8
9.e4 dxe4 10.Nxe4 Nxe4 11.Qxe4 Nf8 12.h4 a5 13.Be3 a4 14.Rad1 f5 15.Qc2 Bf6
16.Rfe1 Qe7 17.Bf4 Ng6 18.Be5 Bxe5 19.Nxe5 Nxe5 20.Rxe5 Qd6 21.Qc3 Ra6 22.Rde1 Rd8
23.d5 cxd5 24.cxd5 g6 25.Bf1 Rb6 26.dxe6 Qe7 27.Rc5 Bxe6 28.Bc4 Kf7 29.Rc7 Rd7
30.Rxd7 Qxd7 31.Qh8 Qd2 32.Qxh7+ Kf6 33.Qh8+ Kf7 34.Rxe6 Rxe6 35.Qc8 Qe1+
36.Kg2 Qe4+ 37.Kh2 b5 38.Qd7+ Kf6 39.Bxe6 Qxe6 40.Qxe6+ Kxe6 41.Kg2 Kd5 42.Kf3 Kd4
43.Ke2 b4 44.f3 a3 45.bxa3 bxa3 46.Kd2 Kc4 47.g4 fxg4 48.fxg4 Kd4 49.Kc2 Ke4
50.Kb3 Kf4 51.h5 gxh5 52.gxh5 Kg5 53.Kxa3 Kxh5 54.Kb4 Kg5  1-0

[Event "Czech Open A"]
[Site "Pardubice CZE"]
[Date "2009.07.25"]
[Round "2"]
[White "Schlosser,P"]
[Black "Heinz,Ti"]
[Result "1-0"]
[WhiteElo "2560"]
[BlackElo "2279"]

1.d4 Nf6 2.c4 e6 3.g3 d5 4.Bg2 Be7 5.Nf3 O-O 6.O-O dxc4 7.Qc2 a6 8.Qxc4 b5
9.Qc2 Bb7 10.Bd2 Be4 11.Qc1 Nbd7 12.Ba5 Rc8 13.Nbd2 Ba8 14.a3 Nb8 15.b4 Nc6
16.Nb3 Ne4 17.Rd1 f5 18.Ra2 Bd6 19.Rc2 Qe8 20.Nfd2 Nxa5 21.Nxa5 Bd5 22.Nxe4 fxe4
23.Qe3 Qg6 24.Nb3 Be7 25.Nc5 Bg5 26.Qc3 Rf7 27.e3 Rcf8 28.Nxa6 c6 29.Nc5 Ra7
30.Ra1 Rfa8 31.Qb2 Be7 32.Nb3 Bxb4 33.axb4 Bxb3 34.Rxa7 Rxa7 35.Qxb3 Ra1+
36.Bf1 Qg4 37.Rxc6 Kf7 38.Rc7+ Kg6 39.Qc2 Re1 40.h3 Qf3 41.Qc6 Kf6 42.Qxb5  1-0

[Event "zt 3.3"]
[Site "Ho Chi Minh City VIE"]
[Date "2009.07.26"]
[Round "5"]
[White "Nguyen Huynh Minh Huy"]
[Black "Bao Khoa"]
[Result "1/2-1/2"]
[WhiteElo "2500"]
[BlackElo "2161"]

1.Nf3 Nf6 2.c4 e6 3.g3 d5 4.d4 Be7 5.Bg2 O-O 6.O-O Nbd7 7.Qc2 c5 8.cxd5 exd5
9.Nc3 c4 10.b3 Nb6 11.Ne5 cxb3 12.Qxb3 Bf5 13.a4 a5 14.Bg5 Bb4 15.e3 h6 16.Bxf6 gxf6
17.Nf3 Bd7 18.Nh4 f5 19.Ne2 Be6 20.Nf4 Rc8 21.Qb1 Qf6 22.Ra2 Nc4 23.Qd3 Rfd8
24.Rc2 Nb6 25.Rxc8 Rxc8 26.Ra1 Rc3 27.Qb1 Kh8 28.Ra2 Qd8 29.Ne2 Rc6 30.Bh3 f4
31.Bxe6 fxg3 32.hxg3 Rxe6 33.Nf4 Rc6 34.Qf5 Qf6 35.Qh5 Bd6 36.Nxd5 Qg5 37.Qxg5 hxg5
38.Nxb6 gxh4 39.Nd5 hxg3 40.f4 Bb4 41.Nxb4 axb4 42.Rb2 Rc3 43.Rxb4 Rxe3 44.Rxb7 Ra3
45.Rxf7 Rxa4 46.d5 Rd4 47.Rf5 Rd2 48.Rg5 Kh7 49.Kf1 g2+ 50.Kg1 Kh6 51.Kh2 Rd4
52.Rxg2 Rxd5 53.Kh3 Rd1 54.Rg3 Rf1 55.Rg4 Kh5 56.Rg5+ Kh6  1/2-1/2

[Event "ch-AUT"]
[Site "Jenbach AUT"]
[Date "2009.07.26"]
[Round "2"]
[White "Scheiblmaier,R"]
[Black "Sepetavc,W"]
[Result "1-0"]
[WhiteElo "2095"]
[BlackElo "2003"]

1.d4 d5 2.c4 e6 3.Nf3 Nf6 4.g3 Be7 5.Bg2 O-O 6.O-O dxc4 7.Qc2 a6 8.a4 Bd7
9.Nc3 c5 10.dxc5 Bxc5 11.Bg5 Be7 12.Rfd1 Qa5 13.Ne4 Rc8 14.Bxf6 gxf6 15.Nd6 Bxd6
16.Rxd6 Ra7 17.Rd4 b5 18.Rg4+ Kf8 19.Qxh7 c3 20.Qh6+ Ke7 21.Rf4 f5 22.Qg5+ Kd6
23.b4 Qd8 24.Rd4+ Kc7 25.Qf4+ Kb7 26.Ne5+  1-0

[Event "Continental ch-Americas"]
[Site "Sao Paulo BRA"]
[Date "2009.07.26"]
[Round "3"]
[White "Lafuente,P"]
[Black "Van Riemsdijk,H"]
[Result "1/2-1/2"]
[WhiteElo "2524"]
[BlackElo "2380"]

1.d4 Nf6 2.c4 e6 3.Nf3 d5 4.g3 Be7 5.Bg2 O-O 6.O-O dxc4 7.Qc2 a6 8.Qxc4 b5
9.Qc2 Bb7 10.Bd2 Be4 11.Qc1 Nbd7 12.Ba5 Rc8 13.Nbd2 Ba8 14.a3 Bd6 15.Re1 Ne4
16.Nxe4 Bxe4 17.Qe3 Bd5 18.Rac1 Qf6 19.b4 c6 20.Qd2 Bc4 21.Ng5 Qe7 22.Ne4 f5
23.Nxd6 Qxd6 24.Qf4 Qxf4 25.gxf4 Nf6 26.Rc2 Nd5 27.e3 Kf7 28.Rec1  1/2-1/2

[Event "MTO"]
[Site "Biel SUI"]
[Date "2009.07.27"]
[Round "7"]
[White "Golod,V"]
[Black "Kosintseva,N"]
[Result "1/2-1/2"]
[WhiteElo "2599"]
[BlackElo "2482"]

1.d4 Nf6 2.c4 e6 3.g3 d5 4.Nf3 Be7 5.Bg2 O-O 6.O-O dxc4 7.Qc2 a6 8.a4 Bd7
9.Qxc4 Bc6 10.Bf4 Nbd7 11.Nc3 Bd6 12.a5 Bxf4 13.gxf4 Nd5 14.e3 Nxc3 15.Qxc3 Nf6
16.Ne5 Bxg2 17.Kxg2 Qd5+ 18.f3 Rac8 19.b4 Qd8 20.Kh1 Qe7 21.Rab1 Nd7 22.Nd3 c6
23.Rg1 f6 24.Rg3 Rce8 25.Rbg1 Rf7 26.Qb3 Qd6 27.Nf2 Kh8 28.Ne4 Qe7 29.Rh3 Nf8
30.Nc5 Qd6 31.Rh5 Kg8 32.Qc2 Qc7 33.Qg2 Rd8 34.Qh3 Qe7 35.Rg2 Qe8 36.Rg3 Qe7
37.Qh4 Rd5 38.Rg2 Rxh5 39.Qxh5 Qd6 40.Rg1 Qd8 41.Kg2 Qd6 42.Kf2 Nd7 43.Nd3 Re7
44.Nc5  1/2-1/2